00720nam a2200193 a 4500003000200000005001700002008004100019050003400060100002000094245011300114260009100227300004000318504004100358650001900399650002800418650002500446650003200471650002300503020250321093303.0060801s19uu xx 00 eng d aPGS HD 7287.6.T43b.M424 2006 aMasuda, Yuki A. aThe correlation between homeownership and work habits of Basic Education Teachers of SISC /cYuki A. Masuda. aLas Piñas City, Philippines :bSouthville International School and Colleges,c2006. a26 pages :billustrations ;c28 cm. aIncludes bibliographical references. aHomeownership. aHousing and employment. aTeachers vWorkload. aTeachersvJob satisfaction. aWork-life balance.